| 000 | 01065cam a2200277 i 4500 | ||
|---|---|---|---|
| 001 | 18512875 | ||
| 003 | SISC | ||
| 005 | 20161211124902.0 | ||
| 008 | 150303s2015 nju b 001 0 eng | ||
| 010 | _a 2015001931 | ||
| 020 | _a9781118662878 (cloth) | ||
| 040 |
_aDLC _beng _cDLC _erda _dDLC |
||
| 042 | _apcc | ||
| 050 | 0 | 0 |
_aQA 76.76.T48 _b.M56 2015 |
| 082 | 0 | 0 | _a005.1/4 |
| 100 | 1 |
_aMili, Ali, _eauthor. |
|
| 245 | 1 | 0 |
_aSoftware testing : _bconcepts and operations / _cAli Mili, NJIT, USA, Fairouz Tchier, KSU, KSA. |
| 260 |
_aNew Jersey : _bJohn Wiley & Sons, Inc., _c2015. |
||
| 300 |
_axvii, 380 pages ; _c25 cm. |
||
| 500 | _aIncludes bibliographical references and index. | ||
| 650 | 0 |
_aComputer software _xTesting. |
|
| 776 | 0 | 8 |
_iOnline version: _aMili, Ali. _tSoftware testing _dHoboken, New Jersey : John Wiley & Sons Inc., [2015] _z9781119065579 _w(DLC) 2015010027 |
| 906 |
_a7 _bcbc _corignew _d1 _eecip _f20 _gy-gencatlg |
||
| 942 |
_2lcc _cBK |
||
| 999 |
_c305371 _d305371 |
||